书目信息 |
| 书名: | Now or Never | |
| 作者: | Marry Modahl | |
| 分册号: | ||
| 分册名: | 出版地: | US |
|
| 出版社: | HarperBusiness | |
| 出版时间: | 2000 | |
| 页数: | 237p | |
| 开本: | 23cm | |
| 丛书名: | ||
| 中图分类号: | ||
| 科图分类号: | ||
| 其他分类号: | F713.36 | |
| 主题词: | ||
| 电子资源: | ||
| 000 | 00497nam0 2200205 450 | |
| 001 | 052012176444 | |
| 005 | 20121113090222.0 | |
| 008 | 20021229d1997 em y0chiy0121 ea | |
| 020 | @a0-06-662012-0@bhard@c$27.00 | |
| 041 | @aeng | |
| 091 | @aF713.36 | |
| 099 | @dF713.36@eM362 | |
| 100 | @aMarry Modahl | |
| 245 | 10 | @aNow or Never@cMarry Modahl |
| 260 | @aUS@bHarperBusiness@c2000 | |
| 300 | @a237p@c23cm | |
| 521 | @aNow or Never | |
| 905 | @b10496 | |
| 905 | @b11143 | |
| 905 | @aTSG@dF713.36@eM362 | |
| Now or Never / Marry Modahl.-US : HarperBusiness , 2000 |
| 237p ; 23cm |
| Now or Never |
| ISBN 0-06-662012-0hard$27.00 |
| ● |
| 相关链接 |
|
|
|
正题名:Now or Never
索取号:F713.36/M362
 
预约/预借
| 序号 | 登录号 | 条形码 | 馆藏地/架位号 | 状态 | 备注 |